01593cam a22003974i 4500001000700000003000900007005001700016008004100033020001500074020001800089035002700107040003300134082002000167082001900187100003300206245010400239264007800343300003900421336002100460337002500481338002300506504002800529505050300557526001001060526001001070526001001080526001001090526000801100526000801108526000801116526000801124526000801132526000801140526000801148650003901156u27177PE-LiUPU20250731173139.0150710s2003 ag a r 000 0 d a9505739281 a9789505739288 a(Sirsi) i9789505739288 aPE-LiUPUbspacPE-LiUPUerda04a232.8bA22 200304a232.8bA222211 aAdams, Roy,d1941- ,eautor.13aLa naturaleza de Cristo :bsu relación con el pecado, la justicia y la perfección /cRoy Adams. 1aBuenos Aires, Argentina :bAsociación Casa Editora Sudamericana,c2003. a176 páginas ;c20 centímetros. atext2rdacontent aunmediated2rdamedia avolume2rdacarrier aIncluye bibliografía.0 aCómo lo ven ellos: el razonamiento teológico de los hermanos preocupados y separados. Examinando las raíces: el legado de jones y waggoner. Atrapados en amargo conflicto: Andreasen versus los hermanos. El verbo se hizo carne: ¿Como Adán o como nosotros?. Las tentaciones de Cristo: ¿tuvo ventajas sobre nosotros?. ¿Que es el pecado?: el tema de fondo en la controversia. Arrepentimiento corporativo: ¿quién lo pide?. ¿Qué es lo que Dios pide?. Cuidado al hacer las comparaciones.. aSEG42 aSEG41 aSEG40 aSEG39 aP94 aP87 aP86 aP85 aP77 aP76 aP3504aJesucristoxDivinidad y humanidad.